Численные методы: учебное пособие

Бібліографічні деталі
Автор: Пирумов У. Г. Ульян Гайкович
Резюме:В книге (2-е изд. — 2003 г.) изложены основные численные методы решения задач линейной и нелинейной алгебры, приближения функций, обыкновенных дифференциальных уравнений и уравнений в частных производных. Материал соответствует государственному образовательному стандарту по специальности 010200 «Прикладная математика». Для студентов технических вузов, аспирантов и преподавателей, а также инженеров и научных работников, использующих в практической деятельности численные методы.
Мова:Російська
Опубліковано: Москва, Дрофа, 2004
Редагування:3-е изд., испр.
Серія:Высшее образование
Предмети:
Формат: MixedMaterials Книга
KOHA link:https://koha.lib.tpu.ru/cgi-bin/koha/opac-detail.pl?biblionumber=99052

MARC

LEADER 00000nam0a2200000 4500
001 99052
005 20231031111536.0
010 |a 5710787779 
035 |a (RuTPU)RU\TPU\book\106224 
090 |a 99052 
100 |a 20060627d2004 m y0rusy50 ca 
101 0 |a rus 
102 |a RU 
105 |a a j 001zy 
200 1 |a Численные методы  |e учебное пособие  |f У. Г. Пирумов 
205 |a 3-е изд., испр. 
210 |a Москва  |c Дрофа  |d 2004 
215 |a 222 с.  |c ил. 
225 1 |a Высшее образование 
320 |a Библиогр.: с. 216. 
320 |a Именной указатель: с. 217. 
330 |a В книге (2-е изд. — 2003 г.) изложены основные численные методы решения задач линейной и нелинейной алгебры, приближения функций, обыкновенных дифференциальных уравнений и уравнений в частных производных. Материал соответствует государственному образовательному стандарту по специальности 010200 «Прикладная математика». Для студентов технических вузов, аспирантов и преподавателей, а также инженеров и научных работников, использующих в практической деятельности численные методы. 
451 1 |0 (RuTPU)RU\TPU\book\143284  |y 978-5-358-03758-8  |t Численные методы  |o учебное пособие  |f У. Г. Пирумов  |e 4-е изд., стер.  |c М.  |n Дрофа  |d 2007  |p 222 с.  |s Высшее образование  |a Пирумов, Ульян Гайкович 
610 1 |a численные методы 
610 1 |a алгебра 
610 1 |a функции 
610 1 |a приближение 
610 1 |a численное интегрирование 
610 1 |a численное дифференцирование 
610 1 |a обыкновенные дифференциальные уравнения 
610 1 |a решение 
610 1 |a уравнения в частных производных 
610 1 |a учебные пособия 
675 |a 519.6(075.8)  |v 3 
700 1 |a Пирумов  |b У. Г.  |g Ульян Гайкович 
801 1 |a RU  |b 63413507  |c 20060627  |g PSBO 
801 2 |a RU  |b 63413507  |c 20211018  |g PSBO 
900 |a Численные методы 
900 |a Прикладная математика 
942 |c BK 
952 |b 010501 
955 |b 010501 
959 |a 59/20060626  |d 1  |e 118,00  |f ЧЗТЛ:1